La Revista infantil en Barcelona : antología histórica antología histórica
Descripción Física:
[23] p. : il. ; 21 cm
MARC
| LEADER | 00000nam a2200000Ia 4500 | ||
|---|---|---|---|
| 001 | 8033 | ||
| 008 | 160829s9999 xx 000 0 cat d | ||
| 080 | |a FU-7-7 | ||
| 245 | |a La Revista infantil en Barcelona : |b antología histórica | ||
| 260 | |a Barcelona : |b Diputación Provincial de Barcelona, Biblioteca Central, DL 1964 | ||
| 300 | |a [23] p. : |b il. ; |c 21 cm | ||
| 650 | |a Revistes infantils |x Barcelona |x Exposicions |9 22109 | ||
| 650 | |a Revistes infantils |x Barcelona |9 22110 | ||
| 710 | 2 | |a Biblioteca Central (Barcelona, Catalunya) |9 54533 | |
| 901 | |a Arxiu | ||
| 942 | |n 1 | ||
| 952 | |0 0 |1 0 |4 0 |6 FU77 |7 1 |9 42064 |a Arxiu |b Arxiu |d 2016-12-01 |l 0 |o FU-7-7 |p 8033 |r 2016-12-01 00:00:00 |w 2016-12-01 |y ARXIU | ||
| 999 | |c 44511 |d 44511 | ||